Dr. S. R. Lasker Library Online Catalogue

Home      Library Home      Institutional Repository      E-Resources      MyAthens      EWU Home

Libraries and institutional repositories : (Record no. 2833)

MARC details
000 -LEADER
fixed length control field 00867nam a2200277 a 4500
001 - CONTROL NUMBER
control field 2833
003 - CONTROL NUMBER IDENTIFIER
control field BD-DhEWU
005 - DATE AND TIME OF LATEST TRANSACTION
control field 20170605155447.0
008 - FIXED-LENGTH DATA ELEMENTS--GENERAL INFORMATION
fixed length control field 170605s2017 ii a g b 000 0 eng d
020 ## - INTERNATIONAL STANDARD BOOK NUMBER
International Standard Book Number 9788183298773
040 ## - CATALOGING SOURCE
Original cataloging agency BD-DhEWU
Modifying agency BD-DhEWU
Language of cataloging eng
Transcribing agency BD-DhEWU
041 ## - LANGUAGE CODE
Language code of text/sound track or separate title eng
082 04 - DEWEY DECIMAL CLASSIFICATION NUMBER
Classification number 025.04
Item number LIB 2017
Edition number 23
245 #0 - TITLE STATEMENT
Title Libraries and institutional repositories :
Remainder of title recent trends /
Statement of responsibility, etc edited by Shabahat Husain and P.M Naushad Ali.
260 ## - PUBLICATION, DISTRIBUTION, ETC. (IMPRINT)
Place of publication, distribution, etc New Delhi :
Name of publisher, distributor, etc Shree Publishers,
Date of publication, distribution, etc 2017.
300 ## - PHYSICAL DESCRIPTION
Extent viii, 224 p. :
Other physical details ill ;
Dimensions 22 cm.
504 ## - BIBLIOGRAPHY, ETC. NOTE
Bibliography, etc Includes bibliographical references.
526 ## - STUDY PROGRAM INFORMATION NOTE
Program name DIS
590 ## - LOCAL NOTE (RLIN)
Local note Sagar Shahanawaz
650 ## - SUBJECT ADDED ENTRY--TOPICAL TERM
Topical term or geographic name as entry element Institutional repositories.
9 (RLIN) 20905
Topical term or geographic name as entry element Digital libraries.
9 (RLIN) 20906
655 ## - INDEX TERM--GENRE/FORM
Genre/form data or focus term
9 (RLIN) 20907
700 1# - ADDED ENTRY--PERSONAL NAME
Personal name Husain, Shabahat.
9 (RLIN) 20908
Personal name Ali, P.M Naushad.
9 (RLIN) 20909
942 ## - ADDED ENTRY ELEMENTS (KOHA)
Koha item type Text
Source of classification or shelving scheme Dewey Decimal Classification
Holdings
Withdrawn status Lost status Source of classification or shelving scheme Damaged status Not for loan Collection code Home library Current library Shelving location Date acquired Source of acquisition Cost, normal purchase price Total Checkouts Full call number Barcode Date last seen Price effective from Koha item type
    Dewey Decimal Classification   Not For Loan Non-fiction Dr. S. R. Lasker Library, EWU Dr. S. R. Lasker Library, EWU Reserve Section 05/06/2017 Bangaldesh Photostat 668.80   025.04 LIB 2017 28349 05/06/2017 05/06/2017 Text